000 01200nam0a22003131 4500
001 rc\3220783
005 20130115140834.6
021 _aRU
_b[73-74872]
035 _a(NLR Aleph) 007467280
090 _a7379010
_c7379010
100 _a20130115d1973 |||y0rusy50 ca
101 0 _arus
102 _aRU
105 _ac z |||||
200 1 _aТворчество Анны Ахматовой
_f[Вступ. статья Е. Эткинда, с. 3-20]
_gАН СССР
210 _aЛенинград
_cНаука. Ленингр. отд-ние
_d1973
215 _a184 с., 2 л. портр.
_d16
225 1 _a[Серия "Из истории мировой культуры"]
320 _aСписок лит. в примеч.: с. 178-183
608 _aРусская советская поэзия
_2psbo
700 1 _aЖирмунский
_bВ. М.
_f1891-1971
_gВиктор Максимович
702 1 _aЭткинд
_bЕ.
_4080
702 1 _aАхматова
_bА. А.
_f1889-1966
_gАнна Андреевна
_3RU\NLR\AUTH\77506
_4570
801 0 _aRU
_bNLR
_gpsbo
801 1 _aRU
_bELAR
_2rusmarc
852 _aNLR
_j73-2/2102
852 _aNLR
_jМф К1/16271
942 _cBOOK
980 _aNB